| 000 | 00621nam a22002297a 4500 | ||
|---|---|---|---|
| 003 | OSt | ||
| 005 | 20140310181803.0 | ||
| 008 | 130704t xxu||||| |||| 00| 0 eng d | ||
| 020 | _a0553578952 | ||
| 050 |
_aAG 243 _b.G964 1998 |
||
| 082 |
_aREF 909.82 _bG94 1998 |
||
| 245 |
_aThe Guinness book of world records 1998 / _cGuinness Media, Inc. |
||
| 260 |
_aUSA : _bBantam Books, _cc1998. |
||
| 300 |
_a750 p. : _bill. ; _c18 cm. |
||
| 500 | _aIncludes index | ||
| 520 | _a1. Annuals 2. Curiosities and Wonders | ||
| 521 | _a | ||
| 541 | _j1 | ||
| 541 | _j2 | ||
| 562 | _e1 | ||
| 942 |
_2lcc _cBK-GR _kREF |
||
| 999 |
_c3690 _d3690 |
||